| 000 | 00739cam a2200193 a 4500 | ||
|---|---|---|---|
| 020 | _a0130309257 | ||
| 082 | 0 | 0 |
_a658.404 _bBAD _cL-39, P-99 |
| 100 | 1 |
_aBadiru, Adedeji Bodunde, _944640 |
|
| 245 | 1 | 0 |
_aComprehensive project management : _bintegrating optimization models, management principles, and computers / _cAdedeji B. Badiru and P. Simin Pulat. |
| 260 |
_aEnglewood Cliffs, N.J. : _bPrentice Hall PTR, _cc1995. |
||
| 300 |
_axvii, 548 p. : _bill. ; _c24 cm. |
||
| 526 |
_a0 _b0 _c0 _d658_404000000000000_BAD |
||
| 650 | 0 |
_aIndustrial management _xData processing. _944641 |
|
| 650 | 0 |
_aMathematical optimization. _910023 |
|
| 650 | 0 |
_aMCE _9379 |
|
| 650 | 0 | _aProject management. | |
| 700 | 1 |
_aPulat, P. Simin. _944642 |
|
| 942 |
_2ddc _cBK |
||
| 999 |
_c548370 _d548370 |
||